| 000 | 00826cam a22002533a 4500 | ||
|---|---|---|---|
| 001 | 2646 | ||
| 003 | PGUSA | ||
| 005 | 20140828083019.0 | ||
| 008 | 060522s2006||||xxu|||||s|||||000 | eng d | ||
| 040 |
_aPGUSA _beng |
||
| 042 | _adc | ||
| 050 | 4 | _aPR | |
| 100 | 1 |
_aThackeray, William Makepeace, _d1811-1863 |
|
| 245 | 1 | 0 |
_aJohn Leech's Pictures of Life and Character _h[electronic resource] / _cWilliam Makepeace Thackeray |
| 260 |
_bProject Gutenberg, _c2006 |
||
| 506 | _aPublic domain in the USA. | ||
| 516 | _aElectronic text | ||
| 653 | _aEnglish wit and humor, Pictorial | ||
| 653 | _aLeech, John, 1817-1864 | ||
| 653 | _aGreat Britain -- Social life and customs -- 19th century -- Caricatures and cartoons | ||
| 830 | 0 |
_aProject Gutenberg _v2646 |
|
| 856 | 4 | 0 | _uhttp://www.gutenberg.org/ebooks/2646 |
| 942 | _cEB | ||
| 999 |
_c231979 _d231979 |
||